000
00338nam a2200145Ia 4500
100
_a
AICTE
942
_c
BK
654
_a
Computer
245
_a
Internet and Email App C-NO : 585
260
_b
Continuing Education Programmer AICTE
_a
Bangalore
_c
1996
082
_a
5.71
_b
AICTE
300
_a
66
546
_a
ENGLISH
999
_c
28262
_d
28262